The masked media : Aymara fiestas and social interaction in the Bolivian highlands /

Bibliographic Details
Main Author: Buechler, Hans C.
Format: Book
Language:English
Published: The Hague ; New York : Mouton, [1980]
Series:Approaches to semiotics ; 59.
Subjects:

MARC

Tag First Indicator Second Indicator Subfields
LEADER 00000cam a2200000 a 4500
001 in00000086781
005 20151008062747.0
008 810416s1980 ne ab b 00110 eng d
020 |a 9027977771 
035 |a (OCoLC)07341337 
035 |9 AAK0883AM 
040 |a UUM  |c UUM  |d TXA  |d UtOrBLW 
043 |a s-bo--- 
049 |a TXAM  |c [1655829] 
090 |a F2230.2 A9  |b  B82 
100 1 |a Buechler, Hans C. 
245 1 4 |a The masked media :  |b Aymara fiestas and social interaction in the Bolivian highlands /  |c Hans C. Buechler. 
264 1 |a The Hague ;  |a New York :  |b Mouton,  |c [1980] 
264 4 |c ©1980 
300 |a x, 399 pages :  |b illustrations, maps ;  |c 24 cm. 
336 |a text  |b txt  |2 rdacontent 
337 |a unmediated  |b n  |2 rdamedia 
338 |a volume  |b nc  |2 rdacarrier 
490 1 |a Approaches to semiotics ;  |v 59 
500 |a Includes indexes. 
504 |a Bibliography: pages [385]-390. 
650 0 |a Aymara Indians  |x Social life and customs. 
650 0 |a Festivals  |z Bolivia. 
651 0 |a Bolivia  |x Social life and customs. 
830 0 |a Approaches to semiotics ;  |v 59. 
999 |a MARS 
999 f f |s 37204df2-0a88-3275-a949-c75cdeaa4e3e  |i aed09bb5-d410-3a48-abe3-ceb67022e60d  |t 0 
952 f f |p ric  |a Texas A&M University  |b Rellis Campus  |c Joint Library Facility  |d Remote Storage  |t 0  |e F2230.2 A9 B82  |h Library of Congress classification  |i unmediated -- volume  |m A14805982424 
998 f f |a F2230.2 A9 B82  |t 0  |l Remote Storage